=LDR 00000nam 2200000 4500 =001 INLIS000000000044966 =005 20150119111019.0 =006 =007 =008 =020 ##$$a 978-602-96620-2-3 =035 ##$$0010-121400000000116 =040 ##$$a NBPDMAT =082 ##$$a 613 =090 ##$$a 613 $b Viv s =100 ##$$a Vivi Herlina =245 ##$$a Sehat setiap saat : $b 101 tips mengatasi gangguan kesehatan / $c Vivi Herlina =260 ##$$a [s.l] : $b Familia, $c [s.a] =300 ##$$a xv, 107 hlm. ; $c 10 cm. =650 ##$$a Kesehatan =990 ##$$a 0001/BPAP-NTB/20142015 =990 ##$$a 0001/BPAP-NTB/20142015 =990 ##$$a 0001/BPAP-NTB/20142015 =990 ##$$a 0001/BPAP-NTB/20142015 =990 ##$$a 0001/BPAP-NTB/2015 =990 ##$$a 0001/BPAP-NTB/2015